00374 2200145 4500245009100000250001100091100001900102650001700121650001600138005001900154260001800173041001400191084001400205336000900219 aPrecious Memories b : With Gods Power, All Things Are PossiblecKalila Rizka MhText aCet. 1 aKalila Rizka M aAutobiografi aKarya Siswa a20250527140207 aJakartac2025 aIndonesia a081 KAL p atext